000 00471nam a22001337a 4500
008 150519b xxu||||| |||| 00| 0 eng d
050 _aPL 8704 .Z36 1977
100 _aZani, Zachariah, M.
_d1977
245 _aKiswahili kwa Shule za Sekondari. Kidato cha 1
_cZachariah M. Zani
260 _aKenya
_bHeinemann
_c1977
300 _a169p.
440 _aKiswahili kwa Shule za Sekondari. Kidato cha 1
942 _2lcc
_cBOOKS
_hPL 8704 .Z36 1977
_kPL
_m8704 .Z36 1977
_03
999 _c820
_d820